Normal view
MARC view
- GOYAL K. KAUSHAL
Entry Personal Name
001 - CONTROL NUMBER
- control field: 6909
003 - CONTROL NUMBER IDENTIFIER
- control field: OSt
005 - DATE AND TIME OF LATEST TRANSACTION
- control field: 20180924110608.0
008 - FIXED-LENGTH DATA ELEMENTS
- fixed length control field: 180924|| aca||aabn | a|a d
040 ## - CATALOGING SOURCE
- Original cataloging agency: OSt
- Transcribing agency: OSt
100 ## - HEADING--PERSONAL NAME
- Personal name: GOYAL K. KAUSHAL
670 ## - SOURCE DATA FOUND
- Source citation: Work cat.: (OSt): GOYAL K. KAUSHAL, ALBERT EINSTEIN A BIOGRAPHY, 2018